000 00327nam a22001457a 4500
003 SGT
020 _a978-93-48565-82-2
082 _a174
_bOJH
100 _aOJHA, CHIRAG
245 _aA TEXTBOOK OF UNIVERSAL HUMAN VALUES
260 _aINDIA
_bIP PUB.
_c2025
300 _a138
650 _aHUMAN VALUES
942 _2ddc
_cBK
999 _c34185
_d34185